• 首页
  • 本馆介绍
  • 公告通知
  • 最新文献
  • 馆藏检索
  • 电子资源
  • 读者导购
  • 参考咨询
  • 我的图书馆
  • 登录
  • 详细信息显示
  • 放入我的书架
  • 预约/预借图书
  • 作者相关作品
  • 分类相关作品
  • 丛书相关作品
  • 出版社相关作品

书目信息

  • 表格格式
  • 工作单格式
  • 卡片格式
题名:
中国音乐百年作品典藏
    
 
作者: 赵季平 , 杜晓十 主编 ;人民音乐出版社 编
分册: 第26卷   民族管弦乐曲
出版信息: 北京   人民音乐出版社  2014.09
页数: 311页
开本: 33cm
丛书名:
单 册:
中图分类: J641 , J648.61
科图分类:
主题词: 音乐作品--作品集--中国--现代 , 管弦乐--民族器乐曲--作品集--中国--现代 , 音乐作品 , 管弦乐 , 民族器乐曲
电子资源:
ISBN: 978-7-103-04804-7
000 01266nam0 2200361 450
001 0120141461350
005 20170914155238.89
010    @a978-7-103-04804-7@b精装@dCNY248.00
100    @a20150127d2014 em y0chiy50 ea
101 0  @achi
102    @aCN@b110000
105    @akg z 000yy
106    @ar
200 1  @a中国音乐百年作品典藏@9zhong guo yin yue bai nian zuo pin dian cang@h第26卷@i民族管弦乐曲@f人民音乐出版社编辑部编
210    @a北京@c人民音乐出版社@d2014.09
215    @a311页@d33cm@e
300    @a国家出版基金项目
307    @a附光盘:ISBN 978-7-88724-857-2
314    @a主编:赵季平,杜晓十
330    @a本书主要内容包括:翻身的日子——为五件中国民族乐器和小型管弦乐队而作 作品2a(1953);秋决(1978);北京民族生活素描(月琴组曲,1979);蜀宫夜宴(981)等。
333    @a音乐教学、研究人员
606 0  @a音乐作品@x作品集@y中国@z现代
606 0  @a管弦乐@x民族器乐曲@x作品集@y中国@z现代
606 0  @a音乐作品
606 0  @a管弦乐
606 0  @a民族器乐曲
690    @aJ641@v5
690    @aJ648.61@v5
701  0 @a赵季平@9zhao ji ping@4主编
701  0 @a杜晓十@9du xiao shi@4主编
712 02 @a人民音乐出版社@9ren min yin yue chu ban she@b编辑部@4编
801  0 @aCN@b人天书店@c20150127
905    @b992311-13@dJ641@e264:26@f3
    
    中国音乐百年作品典藏.第26卷.民族管弦乐曲/人民音乐出版社编辑部编.-北京:人民音乐出版社,2014.09
    311页;33cm
    国家出版基金项目.-使用对象:音乐教学、研究人员
    
    ISBN 978-7-103-04804-7(精装):CNY248.00
    本书主要内容包括:翻身的日子——为五件中国民族乐器和小型管弦乐队而作 作品2a(1953);秋决(1978);北京民族生活素描(月琴组曲,1979);蜀宫夜宴(981)等。
●
相关链接 在E读中查询图书 在五车中查询图书 在当当中查询图书 在豆瓣中查询图书


正题名:中国音乐百年作品典藏     索取号:J641/264:26         预约/预借

序号 登录号 条形码 馆藏地/架位号 状态 备注
1 992311   209923118   第一样本阅览室/ [索取号:J641/264:26] 在馆    
2 992312   209923127   第一借阅区/ [索取号:J641/264:26] 在馆    
3 992313   209923136   音乐系资料室/ [索取号:J641/264:26] 在馆    
唐山师范学院图书馆 欢迎您!
大连网信软件有限公司© 版权所有